[Event "Arco op"]
[Site "Arco"]
[Date "2011.12.28"]
[Round "4"]
[White "Faini, Ivano"]
[Black "Zappi, Adriano"]
[Result "1/2-1/2"]
[WhiteElo "1650"]
[BlackElo "1717"]
[PlyCount "86"]
[EventDate "2011.12.26"]
[EventType "swiss"]
[EventRounds "7"]
[EventCountry "ITA"]
[SourceTitle "EXT 2023"]
[Source "ChessBase"]
[SourceDate "2022.10.05"]
[SourceVersion "1"]
[SourceVersionDate "2022.10.05"]
[SourceQuality "1"]

1. c4 d6 2. g3 g6 3. Bg2 Bg7 4. e4 Nd7 5. Ne2 Ngf6 6. d3 e5 7. Nbc3 a6 8. 0-0 0-0 9. Rb1 Rb8 10. a4 Nc5 11. b4 Ne6 12. Be3 c6 13. b5 axb5 14. axb5 Bd7 15. Bg5 Nxg5 16. Rb3 cxb5 17. cxb5 Qb6 18. Qd2 Rfc8 19. Qxg5 h6 20. Qd2 Ra8 21. Rbb1 Ng4 22. Nc1 Nf6 23. h3 Ra5 24. N1a2 Rca8 25. Kh2 Be6 26. Rb2 Nd7 27. Rc1 Nc5 28. Nd5 Bxd5 29. exd5 Kh7 30. Nc3 h5 31. Ne4 Bh6 32. f4 Nxe4 33. dxe4 Rxb5 34. Rxb5 Qxb5 35. Rf1 Qc4 36. Rc1 Qb3 37. Qf2 Ra3 38. Rc7 Kg7 39. Rd7 exf4 40. gxf4 Ra2 41. Qf1 Qe3 42. f5 Rf2 43. Qa1+ Kg8 1/2-1/2